[Event "DEM U10 2011"]
[Site "Oberhof GER"]
[Date "2011.06.18"]
[Round "11"]
[White "Mantel, Ruben"]
[Black "Pajeken, Jakob Leon"]
[Result "1-0"]
[Termination "normal"]
[Board "9"]
[WhiteElo "1437"]
[BlackElo "915"]
[PlyCount "45"]
[WhiteFideId "12930121"]
[BlackFideId "12942839"]
[EventCountry "GER"]
[EventRounds "11"]
[EventType "swiss"]
[EventDate "2011.06.11"]

1. Nc3 e5 2. Nf3 Nc6 3. d4 exd4 4. Nxd4 Nf6 5. Bg5 Be7 6. Nxc6 bxc6 7. e3 O-O
8. Bd3 d6 9. h4 h6 10. Qe2 Nd7 11. Bxe7 Qxe7 12. O-O-O Rb8 13. Rdg1 Nf6 14. g4
Nxg4 15. Rxg4 Bxg4 16. Qxg4 Qf6 17. Rg1 Rfd8 18. Ne4 Qxb2+ 19. Kd2 d5 20. Nc3
g6 21. Bxg6 fxg6 22. Qxg6+ Kf8 23. Qe6 1-0

[Event "DEM U10 2011"]
[Site "Oberhof GER"]
[Date "2011.06.18"]
[Round "11"]
[White "Hoffmann, Fabian"]
[Black "Zienert, Richard"]
[Result "1/2-1/2"]
[Termination "normal"]
[Board "11"]
[WhiteElo "1424"]
[BlackElo "1374"]
[PlyCount "108"]
[WhiteFideId "12964891"]
[BlackFideId "12945986"]
[EventCountry "GER"]
[EventRounds "11"]
[EventType "swiss"]
[EventDate "2011.06.11"]

1. e4 c5 2. Nf3 e6 3. d4 cxd4 4. Nxd4 a6 5. Be2 Qc7 6. O-O Nf6 7. Nc3 d6 8. Be3
b5 9. a3 Bb7 10. Bf3 Nbd7 11. Nb3 Be7 12. Qe2 O-O 13. Rad1 Ne5 14. Bf4 Nxf3+
15. Qxf3 Rfd8 16. Rfe1 e5 17. Bg5 h6 18. Bxf6 Bxf6 19. Re2 Qb6 20. Nd5 Bxd5 21.
Rxd5 a5 22. Qd3 Rab8 23. g3 a4 24. Nd2 24... Qc6 {(=) (=)} 25. c4 b4 26. Re3 {
(=)} 26... Bg5 27. Rf3 bxa3 28. bxa3 Rb2 29. Nf1 Rb3 30. Qe2 Rxf3 31. Qxf3 Qxc4
32. h4 Be7 33. Nd2 Qc1+ 34. Kg2 Rc8 35. Qg4 Rc5 36. Rxc5 Qxc5 37. Qd7 Bf6 38.
Qxa4 Qd4 39. Qxd4 exd4 40. Kf3 Kf8 41. Ke2 Ke7 42. Kd3 Ke6 43. Nf3 d5 44. Nxd4+
Kd6 45. exd5 Kxd5 46. Nb3 Be7 47. a4 Bd6 48. g4 g5 49. hxg5 hxg5 50. a5 Bb8 51.
f3 Ba7 52. Nd2 Ke5 53. Ne4 Kf4 54. Ke2 54... f5 {(=)} 1/2-1/2

[Event "DEM U10 2011"]
[Site "Oberhof GER"]
[Date "2011.06.18"]
[Round "11"]
[White "Reuker, Jari"]
[Black "Ott, Josef Sebastian"]
[Result "0-1"]
[Termination "time forfeit"]
[Board "13"]
[WhiteElo "1647"]
[BlackElo "1327"]
[PlyCount "78"]
[WhiteFideId "12909300"]
[BlackFideId "12952079"]
[EventCountry "GER"]
[EventRounds "11"]
[EventType "swiss"]
[EventDate "2011.06.11"]

1. e4 e6 2. d4 d5 3. Nc3 Nc6 4. Nf3 Nf6 5. Bg5 Be7 6. e5 Ne4 7. Bxe7 Qxe7 8.
Bd3 Qb4 9. a3 Nxc3 10. axb4 Nxd1 11. Kxd1 Nxb4 12. Kd2 Nxd3 13. Kxd3 O-O 14.
Ra3 Bd7 15. Rha1 a6 16. Rc3 Bb5+ 17. Ke3 Rac8 18. Nd2 Rfd8 19. Nb3 b6 20. Nc1
c5 21. Nd3 cxd4+ 22. Kxd4 Rxc3 23. Kxc3 Rc8+ 24. Kd2 h6 25. f3 Kh7 26. h4 Rc4
27. g4 h5 28. b3 Rd4 29. Ke3 Bxd3 30. Kxd4 Bxc2 31. Rxa6 Bxb3 32. Rxb6 Bd1 33.
g5 Bxf3 34. Ke3 Be4 35. Rb7 $11 {(=)} 35... Kg6 36. Kf4 Bd3 37. Ke3 Ba6 38. Ra7
Bc4 39. Kf4 $11 39... Bf1 0-1

[Event "DEM U10 2011"]
[Site "Oberhof GER"]
[Date "2011.06.18"]
[Round "11"]
[White "Renger, Niklas"]
[Black "Schröter, Ron"]
[Result "1-0"]
[Termination "normal"]
[Board "14"]
[WhiteElo "1452"]
[BlackElo "1291"]
[PlyCount "71"]
[WhiteFideId "12908096"]
[BlackFideId "12941727"]
[EventCountry "GER"]
[EventRounds "11"]
[EventType "swiss"]
[EventDate "2011.06.11"]

1. e4 e5 2. Nf3 Nc6 3. d4 exd4 4. Bc4 Bb4+ 5. c3 dxc3 6. Nxc3 Bxc3+ 7. bxc3 d6
8. O-O Nf6 9. h3 O-O 10. Re1 Be6 11. Bxe6 fxe6 12. Ba3 Re8 13. Qc2 Na5 14. Rad1
Nc4 15. Qb3 Nxa3 16. Qxa3 Qe7 17. Qb3 c6 18. e5 dxe5 19. Rxe5 Nd7 20. Re3 Nc5
21. Qc4 b5 22. Qg4 a5 23. Rde1 Rad8 24. Nd4 h5 25. Qxh5 Rd5 26. Qg4 Rg5 27.
Nxc6 Qf6 28. Qd4 Qg6 29. Ne5 Rxg2+ 30. Kh1 Qg5 31. Qxc5 Rxf2 32. Rg1 Qf4 33.
Reg3 Qe4+ 34. Nf3 Rxf3 35. Rxg7+ Kh8 36. Qh5+ 1-0

[Event "DEM U10 2011"]
[Site "Oberhof GER"]
[Date "2011.06.18"]
[Round "11"]
[White "Niemann, Alexander"]
[Black "Bachmann, Jonas"]
[Result "1/2-1/2"]
[Termination "normal"]
[Board "15"]
[WhiteElo "1311"]
[BlackElo "1396"]
[PlyCount "85"]
[WhiteFideId "12939862"]
[BlackFideId "12922919"]
[EventCountry "GER"]
[EventRounds "11"]
[EventType "swiss"]
[EventDate "2011.06.11"]

1. e4 d5 2. exd5 Qxd5 3. Nc3 Qd6 4. d4 c6 5. Nf3 Bf5 6. Be2 Nf6 7. O-O e6 8.
Be3 Be7 9. Nh4 Bg6 10. Nf3 O-O 11. Bd3 Nbd7 12. Bxg6 hxg6 13. Re1 Nd5 14. Nxd5
cxd5 15. Bd2 Rac8 16. a3 Qb6 17. Rb1 Bf6 18. c3 Rfe8 19. Bf4 Be7 20. Ne5 Nxe5
21. Bxe5 Bd6 22. Bxd6 Qxd6 23. Qg4 Rc6 24. Qh4 Qe7 25. Qh3 Qf6 26. Re5 Qf4 27.
Re3 Rb6 28. g3 Qf5 29. Qxf5 gxf5 30. f4 Kh7 31. Kg2 Kh6 32. Kf3 f6 33. b4 g5
34. fxg5+ fxg5 35. Rb3 a5 36. b5 Ra8 37. a4 Kg6 38. Rb2 Rc8 39. Rbe2 Kf6 40.
Kg2 g4 41. Rc2 Rc4 42. Ra2 Rd6 43. Ra3 1/2-1/2

[Event "DEM U10 2011"]
[Site "Oberhof GER"]
[Date "2011.06.18"]
[Round "11"]
[White "Stein, Robert"]
[Black "Reimers, Kim"]
[Result "0-1"]
[Termination "normal"]
[Board "16"]
[WhiteElo "1292"]
[BlackElo "1386"]
[PlyCount "116"]
[WhiteFideId "12921084"]
[BlackFideId "12930377"]
[EventCountry "GER"]
[EventRounds "11"]
[EventType "swiss"]
[EventDate "2011.06.11"]

1. e4 e6 2. d4 d5 3. Nd2 h6 4. e5 c5 5. c3 Nc6 6. Ndf3 Qb6 7. a3 cxd4 8. cxd4
Nge7 9. Bd3 Bd7 10. Bc2 Rc8 11. Ne2 Qa5+ 12. Bd2 Qc7 13. O-O Nxe5 14. Nxe5 Qxc2
15. Bc3 Qxd1 16. Rfxd1 Nc6 17. Nxd7 Kxd7 18. Rd3 Bd6 19. Rad1 Rc7 20. f4 g6 21.
Rf3 h5 22. g3 Rhc8 23. Re3 a5 24. a4 Bb4 25. Kg2 Bxc3 26. bxc3 Na7 27. Rb1 Rb8
28. Rd3 b5 29. Rd2 Rc4 30. Ra2 b4 31. Rab2 Nc6 32. Kf2 Kc7 33. cxb4 Rbxb4 34.
Rxb4 Rxb4 35. Rxb4 axb4 36. Ke3 Kb6 37. Kd3 Ka5 38. Kc2 Kxa4 39. Kb2 b3 40. Kc1
Ka3 41. Kb1 b2 42. h3 Kb3 43. g4 Nb4 44. gxh5 gxh5 45. h4 Nc2 46. Nc1+ bxc1=Q+
47. Kxc1 Nxd4 48. Kd2 Nf3+ 49. Kd3 Nxh4 50. Kd4 Ng2 51. Ke5 h4 52. Kf6 Nxf4 53.
Kxf7 h3 54. Ke7 h2 55. Kd7 h1=Q 56. Kc6 Kc4 57. Kb6 Qh7 58. Ka5 Qb7 0-1

[Event "DEM U10 2011"]
[Site "Oberhof GER"]
[Date "2011.06.18"]
[Round "11"]
[White "Muckle, Julius"]
[Black "Sanati, Charlotte"]
[Result "0-1"]
[Termination "normal"]
[Board "17"]
[WhiteElo "1357"]
[BlackElo "1284"]
[PlyCount "92"]
[WhiteFideId "12942430"]
[BlackFideId "12907707"]
[EventCountry "GER"]
[EventRounds "11"]
[EventType "swiss"]
[EventDate "2011.06.11"]

1. d4 d5 2. c4 c6 3. Nc3 Nf6 4. Nf3 e6 5. e3 Nbd7 6. Bd3 dxc4 7. Bxc4 b5 8. Be2
a6 9. Bd2 Be7 10. a4 Bb7 11. O-O O-O 12. Qc2 Qc7 13. axb5 cxb5 14. Qb3 Ng4 15.
e4 e5 16. d5 Nc5 17. Qc2 Qd6 18. Ng5 Bxg5 19. Bxg5 Qg6 20. Bxg4 Qxg5 21. Bf3
Bc8 22. Nxb5 Nb7 23. Nc7 Ra7 24. Rxa6 Rxa6 25. Nxa6 Qg6 26. Nc5 Nd6 27. Nd3 f6
28. Re1 h5 29. Qc6 Nf7 30. Nc5 Ng5 31. Re3 Nh3+ 32. Kf1 Ng5 33. d6 f5 34. d7
Qxc6 35. dxc8=Q Qxc8 36. Rc3 Nxf3 37. gxf3 Qb8 38. Rb3 Qd8 39. Ne6 Qd1+ 40. Kg2
Qxb3 41. Nxf8 Kxf8 42. exf5 Qxb2 43. Kg3 Qd4 44. Kh3 Qxf2 45. f6 g5 46. f4 Qf3#
0-1

[Event "DEM U10 2011"]
[Site "Oberhof GER"]
[Date "2011.06.18"]
[Round "11"]
[White "Adler, Jakob"]
[Black "Wong, Gengchun"]
[Result "1-0"]
[Termination "normal"]
[Board "18"]
[WhiteElo "1111"]
[BlackElo "1337"]
[PlyCount "71"]
[BlackFideId "12963283"]
[EventCountry "GER"]
[EventRounds "11"]
[EventType "swiss"]
[EventDate "2011.06.11"]

1. d4 d5 2. e3 Nf6 3. f4 e6 4. Nf3 a6 5. Bd3 c5 6. b3 b5 7. c3 Bb7 8. O-O Be7
9. Bb2 O-O 10. Nbd2 Nbd7 11. Ne5 Qb6 12. g4 Rfd8 13. g5 Ne8 14. Qh5 g6 15. Qh4
Nf8 16. Rf2 c4 17. Bc2 f6 18. gxf6 Bxf6 19. Qg3 Nd6 20. f5 exf5 21. Bxf5 Nxf5
22. Rxf5 Kh8 23. Nf7+ Kg7 24. Nxd8 Qxd8 25. Raf1 Be7 26. Rf7+ Kg8 27. Qe5 Ne6
28. Qxe6 Bd6 29. Rxb7+ Kh8 30. Rff7 Qg5+ 31. Kf1 Qh6 32. Qf6+ Kg8 33. Rg7+ Kh8
34. Rxh7+ Kg8 35. Rxh6 Rf8 36. Rh8# 1-0

[Event "DEM U10 2011"]
[Site "Oberhof GER"]
[Date "2011.06.18"]
[Round "11"]
[White "Shoipov, Dennie"]
[Black "Keymer, Vincent"]
[Result "1/2-1/2"]
[Termination "normal"]
[Board "19"]
[WhiteElo "1336"]
[BlackElo "1192"]
[PlyCount "160"]
[WhiteFideId "14137755"]
[BlackFideId "12940690"]
[EventCountry "GER"]
[EventRounds "11"]
[EventType "swiss"]
[EventDate "2011.06.11"]

1. e4 c5 2. Nf3 e6 3. d4 cxd4 4. Nxd4 a6 5. Be3 Qc7 6. Nc3 Bb4 7. Qd2 Nf6 8. f3
d5 9. a3 Bxc3 10. Qxc3 Qxc3+ 11. bxc3 dxe4 12. Bc4 e5 13. Ne2 exf3 14. gxf3 Nc6
15. Rg1 g6 16. Bh6 Bd7 17. Bg7 Ke7 18. Bxh8 Rxh8 19. O-O-O b5 20. Bb3 Rb8 21.
f4 e4 22. Ng3 Re8 23. Rde1 Kf8 24. Ne2 a5 25. Nd4 Nxd4 26. cxd4 a4 27. Ba2 Rb8
28. c3 Rc8 29. Kd2 Bf5 30. Rgf1 Ng4 31. h3 Nf6 32. Re3 Re8 33. Rb1 Nh5 34. Rf1
Nf6 35. Bb1 Nd5 36. Ba2 Nxe3 37. Kxe3 Kg7 38. h4 Be6 39. d5 Bd7 40. Kd4 f5 41.
Re1 Kf6 42. Re3 Rd8 43. Re2 Bc8 44. Re3 Bd7 45. Re1 Be8 46. Re3 h6 47. Rg3 Bf7
48. Rg1 Be8 49. Rg3 Bf7 50. Rg2 Rg8 51. Kc5 Rb8 52. Kd4 Rc8 53. Rg3 Rc7 54. Rg2
Ke7 55. Rg3 Kd6 56. Rg2 Re7 57. Rg3 Re8 58. c4 bxc4 59. Bxc4 Rb8 60. Rh3 Rb2
61. Kc3 Rf2 62. Bb5 Ra2 63. Kb4 Bxd5 64. Rg3 Bf7 65. Rg1 Rh2 66. Rd1+ Ke7 67.
Kxa4 Rxh4 68. Kb4 Rxf4 69. a4 e3+ 70. Kc5 Rf2 71. a5 Ra2 72. Re1 f4 73. a6 g5
74. Kb6 Bg6 75. Bc6 Rb2+ 76. Kc7 Ra2 77. Kb6 Rb2+ 78. Kc7 Ra2 79. Kb6 Rb2+ 80.
Kc7 Ra2 1/2-1/2

[Event "DEM U10 2011"]
[Site "Oberhof GER"]
[Date "2011.06.18"]
[Round "11"]
[White "Shen, Julian"]
[Black "Petersen, Marcel"]
[Result "0-1"]
[Termination "normal"]
[Board "20"]
[WhiteElo "1273"]
[BlackElo "1330"]
[PlyCount "52"]
[WhiteFideId "12942898"]
[BlackFideId "12935670"]
[EventCountry "GER"]
[EventRounds "11"]
[EventType "swiss"]
[EventDate "2011.06.11"]

1. d4 d5 2. Nf3 c6 3. Bf4 e6 4. e3 f5 5. Bd3 Nf6 6. Nbd2 Nbd7 7. O-O Ne4 8. c3
Be7 9. Qc2 Ndf6 10. Ne5 O-O 11. f3 Nxd2 12. Qxd2 Bd7 13. Rfe1 Nh5 14. Bg3 Nxg3
15. hxg3 Bf6 16. Nxd7 Qxd7 17. Kf2 Qf7 18. Rh1 e5 19. dxe5 Bxe5 20. f4 Bc7 21.
g4 Rfe8 22. Bxf5 g6 23. Bc2 Bb6 24. Kg3 Rxe3+ 25. Kh4 Qf6+ 26. g5 Qxf4+ 0-1

[Event "DEM U10 2011"]
[Site "Oberhof GER"]
[Date "2011.06.18"]
[Round "11"]
[White "Cejda, Cecilia"]
[Black "Fromm, Katja"]
[Result "0-1"]
[Termination "normal"]
[Board "22"]
[WhiteElo "1130"]
[BlackElo "1401"]
[PlyCount "36"]
[WhiteFideId "12921122"]
[BlackFideId "12929409"]
[EventCountry "GER"]
[EventRounds "11"]
[EventType "swiss"]
[EventDate "2011.06.11"]

1. e4 d5 2. exd5 Qxd5 3. Nc3 Qa5 4. Nf3 Nf6 5. d4 c6 6. Bg5 Ne4 7. Bd2 Nxd2 8.
Qxd2 Bf5 9. d5 e6 10. dxc6 Nxc6 11. O-O-O Rd8 12. Qe1 Rxd1+ 13. Nxd1 Qxa2 14.
Nh4 Qa1+ 15. Kd2 Qa5+ 16. c3 Qd8+ 17. Bd3 Qxd3+ 18. Kc1 Qc2# 0-1

[Event "DEM U10 2011"]
[Site "Oberhof GER"]
[Date "2011.06.18"]
[Round "11"]
[White "Schneider, Jana"]
[Black "Heckmann, Till"]
[Result "1-0"]
[Termination "normal"]
[Board "23"]
[WhiteElo "1347"]
[BlackElo "1157"]
[PlyCount "131"]
[WhiteFideId "12924997"]
[BlackFideId "12987093"]
[EventCountry "GER"]
[EventRounds "11"]
[EventType "swiss"]
[EventDate "2011.06.11"]

1. e4 e5 2. Nf3 Nc6 3. d4 exd4 4. Nxd4 Bc5 5. Be3 Qf6 6. c3 Nge7 7. Qd2 O-O 8.
Nb5 Bxe3 9. Qxe3 Qe5 10. Bc4 a6 11. f4 Qh5 12. Nxc7 Rb8 13. Nd2 d6 14. Be2 Qg6
15. O-O-O Qh6 16. Nc4 Rd8 17. f5 Qxe3+ 18. Nxe3 Rd7 19. Ncd5 Nxd5 20. Nxd5 b5
21. f6 g6 22. Bg4 Rd8 23. Bxc8 Rbxc8 24. Rhe1 Re8 25. Kb1 h5 26. Rc1 a5 27. c4
b4 28. c5 Rcd8 29. cxd6 Rxd6 30. Rcd1 Kh7 31. Kc2 Kh6 32. Kb3 Ne5 33. Nc7 Rxd1
34. Rxd1 Rc8 35. Rd5 Ng4 36. Na6 Nxf6 37. Rxa5 Ra8 38. Kxb4 Nxe4 39. Nc7 Rc8
40. Ra7 Nf2 41. Nb5 f5 42. Rc7 Rd8 43. Rc6 Rd2 44. Kb3 Rd1 45. Nd6 Kg5 46. Nf7+
Kf4 47. Rxg6 Rb1 48. g3+ Kf3 49. Rg5 Kg2 50. Rxh5 Rh1 51. Nd6 Ng4 52. h3 Nf6
53. Rxf5 Rxh3 54. Rxf6 Rxg3+ 55. Kb4 Rg4+ 56. Nc4 Rg5 57. a4 Rg8 58. Nb6 Rg4+
59. Ka3 Rg3+ 60. b3 Rh3 61. a5 Rh7 62. Ka4 Ra7 63. Nd5 Kg3 64. a6 Kg4 65. Ka5
Kg5 66. Kb6 1-0

[Event "DEM U10 2011"]
[Site "Oberhof GER"]
[Date "2011.06.18"]
[Round "11"]
[White "Hoffmann, Jens"]
[Black "Stobbe, Frederik"]
[Result "1-0"]
[Termination "normal"]
[Board "24"]
[WhiteElo "1327"]
[BlackElo "1105"]
[PlyCount "119"]
[WhiteFideId "12946320"]
[EventCountry "GER"]
[EventRounds "11"]
[EventType "swiss"]
[EventDate "2011.06.11"]

1. e4 e5 2. Nf3 Nc6 3. Bb5 Nf6 4. O-O Nxe4 5. Re1 Nd6 6. Bxc6 dxc6 7. Nxe5 Be7
8. d3 O-O 9. Nd2 Bf5 10. Nef3 Bf6 11. Nf1 Re8 12. Ng3 Bg4 13. Rxe8+ Qxe8 14.
Rb1 Bxf3 15. gxf3 Rd8 16. Bd2 Qe6 17. b3 Nb5 18. Qe1 Qxe1+ 19. Rxe1 Nd4 20. Kg2
Nxc2 21. Re4 Nd4 22. Bc3 h6 23. Nh5 c5 24. b4 cxb4 25. Nxf6+ gxf6 26. Bxd4 f5
27. Rf4 Kh7 28. Bc5 Rxd3 29. Bxb4 Kg6 30. Rc4 c6 31. Rc2 Kg5 32. Re2 Rd7 33.
Bd2+ Kh5 34. Be3 Re7 35. Kf1 f4 36. Bxa7 Rxe2 37. Kxe2 Kg5 38. Bb8 Kf5 39. Kd3
h5 40. Kc4 Ke6 41. Bxf4 41... Kd7 $11 42. Kc5 Kc8 43. Kb6 h4 44. a4 f6 45. a5
f5 46. a6 bxa6 47. Kxa6 Kd7 48. Kb6 Ke6 49. Kxc6 h3 50. Kc5 Ke7 51. Kd5 Kf6 52.
Bg3 Kf7 53. Ke5 Kg6 54. f4 Kh5 55. Kxf5 Kh6 56. Ke6 Kg7 57. f5 Kf8 58. Kf6 Kg8
59. Ke7 Kh7 60. f6 1-0

[Event "DEM U10 2011"]
[Site "Oberhof GER"]
[Date "2011.06.18"]
[Round "11"]
[White "Schirra, Maurice"]
[Black "Köhler, Inken"]
[Result "1-0"]
[Termination "normal"]
[Board "25"]
[WhiteElo "1226"]
[BlackElo "1079"]
[PlyCount "91"]
[WhiteFideId "12941115"]
[BlackFideId "12929301"]
[EventCountry "GER"]
[EventRounds "11"]
[EventType "swiss"]
[EventDate "2011.06.11"]

1. e4 e5 2. f4 d6 3. Nf3 Nc6 4. Bc4 Bg4 5. c3 Bxf3 6. Qxf3 Nf6 7. O-O Qd7 8. d3
O-O-O 9. Bb5 d5 10. fxe5 dxe4 11. dxe4 Bc5+ 12. Kh1 Ng8 13. Bg5 Nge7 14. Nd2 h6
15. Nb3 Bb6 16. Bh4 Rdf8 17. Bg3 a6 18. Bc4 f6 19. e6 Qe8 20. Rad1 Ng6 21. e7
Ngxe7 22. Qg4+ Kb8 23. Qxg7 Qg6 24. Qxg6 Nxg6 25. Nd4 Nce5 26. Bb3 c5 27. Nf5
Ka7 28. h3 Bc7 29. Bh2 Rf7 30. Bxf7 Nxf7 31. Bxc7 Rc8 32. Bh2 Ng5 33. Rfe1 Re8
34. Nd6 Re6 35. Re2 Kb6 36. Rde1 Ne7 37. Bf4 Nh7 38. Nf5 Ng5 39. h4 Nxf5 40.
exf5 Rxe2 41. Rxe2 Nf7 42. Re6+ Kb5 43. Rxf6 c4 44. Rxf7 Ka4 45. b3+ Ka5 46.
Rxb7 1-0

[Event "DEM U10 2011"]
[Site "Oberhof GER"]
[Date "2011.06.18"]
[Round "11"]
[White "Rosenhain, Rachela"]
[Black "Poetsch, Leonore"]
[Result "0-1"]
[Termination "normal"]
[Board "26"]
[WhiteElo "1190"]
[BlackElo "966"]
[PlyCount "86"]
[WhiteFideId "12957615"]
[BlackFideId "12940372"]
[EventCountry "GER"]
[EventRounds "11"]
[EventType "swiss"]
[EventDate "2011.06.11"]

1. e4 e6 2. d4 d5 3. Nc3 Nf6 4. Bg5 Bb4 5. e5 h6 6. Bd2 Nfd7 7. a3 Be7 8. Nf3
c5 9. Bd3 Nc6 10. Be3 Qc7 11. O-O a6 12. b3 cxd4 13. Nxd4 Ncxe5 14. Bf4 Qxc3
15. Nf3 Nxd3 16. cxd3 Qf6 17. Bg3 O-O 18. Bh4 g5 19. Bg3 Qg7 20. d4 f5 21. Bc7
b6 22. h3 Bb7 23. Ne5 Nxe5 24. Bxe5 Bf6 25. Re1 Bxe5 26. Rxe5 Rae8 27. Qe2 Rf6
28. b4 Qf7 29. b5 a5 30. Rc1 Rc8 31. Qd2 Rxc1+ 32. Qxc1 Qd7 33. a4 Qc8 34. Qd1
Rf7 35. Re1 Re7 36. Re5 Rc7 37. Qd2 Rc4 38. Qa2 Rxd4 39. Re2 Rd1+ 40. Kh2 Qc7+
41. g3 Qc4 42. f3 Qxa2 43. Rxa2 d4 0-1

[Event "DEM U10 2011"]
[Site "Oberhof GER"]
[Date "2011.06.18"]
[Round "11"]
[White "Arnhold, Steffi"]
[Black "Lohrmann, Tabea"]
[Result "0-1"]
[Termination "normal"]
[Board "27"]
[WhiteElo "1117"]
[BlackElo "1039"]
[PlyCount "54"]
[WhiteFideId "12931365"]
[BlackFideId "12911941"]
[EventCountry "GER"]
[EventRounds "11"]
[EventType "swiss"]
[EventDate "2011.06.11"]

1. e4 e5 2. Nf3 Nc6 3. Bb5 a6 4. Ba4 Nf6 5. O-O Be7 6. Re1 b5 7. Bb3 O-O 8. c3
d5 9. exd5 Nxd5 10. Nxe5 Nxe5 11. Rxe5 Nf6 12. d4 Bd6 13. Re1 Ng4 14. h3 Nxf2
15. Qf3 Qh4 16. Qxf2 Bh2+ 17. Kf1 Bg3 18. Qe2 Bxh3 19. gxh3 Qxh3+ 20. Kg1 Rae8
21. Bxf7+ Kh8 22. Bxe8 Bxe1 23. Qxe1 Kg8 24. Na3 Qg4+ 25. Kh2 Rf3 26. Qe3 Qg3+
27. Kh1 Rf1+ 0-1

[Event "DEM U10 2011"]
[Site "Oberhof GER"]
[Date "2011.06.18"]
[Round "11"]
[White "ter Stal, Sven"]
[Black "Hausdorf, Lars"]
[Result "0-1"]
[Termination "normal"]
[Board "28"]
[WhiteElo "1056"]
[BlackElo "1198"]
[PlyCount "70"]
[WhiteFideId "12946443"]
[BlackFideId "16200390"]
[EventCountry "GER"]
[EventRounds "11"]
[EventType "swiss"]
[EventDate "2011.06.11"]

1. e4 e5 2. Nc3 Nf6 3. f4 d6 4. Nf3 Bg4 5. Bc4 Nc6 6. d3 Be7 7. O-O O-O 8. Qe1
Bxf3 9. Rxf3 Nd4 10. Rf2 Ng4 11. Rd2 Bh4 12. g3 Nf3+ 13. Kf1 Nxe1 14. Kxe1 Bf6
15. f5 g6 16. h3 Nh6 17. Rf2 Kg7 18. g4 Bh4 19. b4 Bxf2+ 20. Kxf2 gxf5 21. gxf5
Qh4+ 22. Kg2 Rg8 23. Kh2 Kf6 24. Nd5+ Kg7 25. Bg5 Qf2+ 26. Kh1 Qg3 27. Bf6+ Kf8
28. Be7+ Ke8 29. Bg5 Rxg5 30. Nf6+ Ke7 31. Ng4 Qxh3+ 32. Kg1 Nxg4 33. f6+ Kf8
34. Re1 Qh2+ 35. Kf1 Qf2# 0-1

[Event "DEM U10 2011"]
[Site "Oberhof GER"]
[Date "2011.06.18"]
[Round "11"]
[White "Schmidt, Sarah"]
[Black "Nguyen, Ha Thanh"]
[Result "0-1"]
[Termination "normal"]
[Board "29"]
[WhiteElo "1032"]
[BlackElo "1092"]
[PlyCount "164"]
[WhiteFideId "12965480"]
[BlackFideId "12942154"]
[EventCountry "GER"]
[EventRounds "11"]
[EventType "swiss"]
[EventDate "2011.06.11"]

1. e4 c5 2. Nf3 Nc6 3. d4 cxd4 4. Nxd4 g6 5. Nc3 Bg7 6. Be3 Nf6 7. Bc4 Ng4 8.
Qxg4 d5 9. Qe2 dxc4 10. Nxc6 bxc6 11. Qxc4 O-O 12. Qd3 Qa5 13. Bd4 Ba6 14. Qd2
Qb4 15. Bxg7 Kxg7 16. O-O-O Rab8 17. Qd4+ Qxd4 18. Rxd4 Rb7 19. Rhd1 Rfb8 20.
b3 c5 21. Rd8 Rxd8 22. Rxd8 c4 23. f4 Rc7 24. Nd5 Rc5 25. b4 Rc6 26. Nxe7 Re6
27. Rd7 Rxe4 28. Rxa7 Bb5 29. Rb7 Ba6 30. Ra7 Bb5 31. g3 c3 32. Kd1 Rd4+ 33.
Ke1 Rd2 34. h4 Re2+ 35. Kd1 Rd2+ 36. Ke1 Rxc2 37. Kd1 Rd2+ 38. Kc1 Be2 39. Rc7
Rd1+ 40. Kc2 Ra1 41. Rxc3 Rxa2+ 42. Kb3 Ra1 43. Nd5 Rd1 44. Rc2 Rd3+ 45. Kb2
Bd1 46. Rc3 Rxd5 47. Rc5 Rxc5 48. bxc5 Kf8 49. Kc3 Bf3 50. Kd4 Ke7 51. Ke5 f6+
52. Kd4 Kd7 53. Ke3 Bc6 54. Kd4 Ke6 55. g4 h5 56. gxh5 gxh5 57. Kc4 Kf5 58. Kb4
Kxf4 59. Ka5 Kg4 60. Kb6 Bd5 61. c6 Bxc6 62. Kxc6 f5 63. Kd5 Kxh4 64. Kd4 Kg4
65. Ke3 Kg3 66. Ke2 Kg2 67. Ke3 h4 68. Kf4 h3 69. Kxf5 h2 70. Kf4 h1=Q 71. Ke3
Qd1 72. Ke4 Qd2 73. Ke5 Qd3 74. Kf4 Qe2 75. Kf5 Kf3 76. Kf6 Qe4 77. Kf7 Qe5 78.
Kf8 Kf4 79. Kf7 Kf5 80. Kg8 Kf6 81. Kh7 Qg5 82. Kh8 Qg7# 0-1

[Event "DEM U10 2011"]
[Site "Oberhof GER"]
[Date "2011.06.18"]
[Round "11"]
[White "Rosenthal, Moritz"]
[Black "Demme, Miriam"]
[Result "1/2-1/2"]
[Termination "normal"]
[Board "30"]
[WhiteElo "847"]
[BlackElo "1086"]
[PlyCount "42"]
[WhiteFideId "12946338"]
[BlackFideId "12966703"]
[EventCountry "GER"]
[EventRounds "11"]
[EventType "swiss"]
[EventDate "2011.06.11"]

1. e4 c5 2. Nc3 Nc6 3. g3 Nf6 4. Bg2 g6 5. d3 Bg7 6. h3 O-O 7. Be3 d6 8. Qd2
Re8 9. Bh6 Bh8 10. f3 e6 11. g4 d5 12. Nge2 Rb8 13. O-O Qa5 14. Qc1 d4 15. Nd1
Qb6 16. h4 Bg7 17. h5 Bxh6 18. Qxh6 c4 19. Kh1 Qb5 20. hxg6 fxg6 21. g5 Nh5
1/2-1/2

[Event "DEM U10 2011"]
[Site "Oberhof GER"]
[Date "2011.06.18"]
[Round "11"]
[White "Wurst, Maximilian"]
[Black "Yankelevich, Michael"]
[Result "1/2-1/2"]
[Termination "normal"]
[Board "31"]
[WhiteElo "964"]
[BlackElo "1083"]
[PlyCount "122"]
[WhiteFideId "12971812"]
[BlackFideId "12921440"]
[EventCountry "GER"]
[EventRounds "11"]
[EventType "swiss"]
[EventDate "2011.06.11"]

1. e4 e5 2. Nf3 Nc6 3. Bc4 Bc5 4. Nc3 Nf6 5. d3 h6 6. O-O d6 7. Be3 Bb6 8. h3
Nd4 9. a3 Be6 10. Ba2 Qd7 11. Bxe6 fxe6 12. Na2 O-O 13. c3 Nc6 14. Nd2 Rf7 15.
Qe2 Raf8 16. Nc4 Ne8 17. Nxb6 cxb6 18. Qg4 Kh7 19. Qh4 Qe7 20. Qxe7 Rxe7 21. f3
d5 22. Nb4 Nc7 23. Nxc6 bxc6 24. a4 Ra8 25. b3 Rf7 26. c4 d4 27. Bd2 a5 28. Be1
Kg6 29. Bg3 c5 30. Bxe5 Na6 31. Rfc1 Nb4 32. Rd1 Nc2 33. Rac1 Nb4 34. Kh2 Kg5
35. Rb1 h5 36. Rd2 h4 37. f4+ Kg6 38. g3 hxg3+ 39. Kxg3 Nc6 40. Bd6 Rd8 41. e5
Na7 42. Rg2 Nc8 43. Kh4+ Kh7 44. Rbg1 Nxd6 45. exd6 Rxd6 46. Kg5 Rf6 47. Kh5
Rh6+ 48. Kg4 Rg6+ 49. Kf3 Rxg2 50. Rxg2 g6 51. h4 Kh6 52. Rg5 Kh7 53. Ke4 Kh6
54. Ke5 Rc6 55. Ke4 Rd6 56. Re5 Kg7 57. h5 Kh6 58. hxg6 Kxg6 59. f5+ Kf6 60.
fxe6 Rxe6 61. Rxe6+ Kxe6 1/2-1/2

[Event "DEM U10 2011"]
[Site "Oberhof GER"]
[Date "2011.06.18"]
[Round "11"]
[White "Möller, Lisa-Marie"]
[Black "Hoffmann, Lennard"]
[Result "0-1"]
[Termination "normal"]
[Board "32"]
[WhiteElo "1069"]
[BlackElo "1044"]
[PlyCount "74"]
[WhiteFideId "12959367"]
[BlackFideId "12943495"]
[EventCountry "GER"]
[EventRounds "11"]
[EventType "swiss"]
[EventDate "2011.06.11"]

1. e4 c5 2. Nf3 Nc6 3. d4 cxd4 4. Nxd4 g6 5. Nc3 Bg7 6. Be3 Nf6 7. f3 O-O 8.
Qd2 d5 9. Nxc6 bxc6 10. O-O-O Bb7 11. exd5 cxd5 12. Bh6 Re8 13. Bxg7 Kxg7 14.
Qd4 e5 15. Qd2 Rb8 16. Be2 Qb6 17. b3 Rec8 18. Rhg1 Rc6 19. Na4 Qc7 20. Kb1 Rc8
21. Rc1 a6 22. g4 e4 23. h4 d4 24. fxe4 Rd8 25. Qd3 Re6 26. Qc4 Qh2 27. Rh1 Qd6
28. Nc5 Re7 29. Nxb7 Rxb7 30. Qxa6 Rb6 31. Qd3 Qa3 32. Rhf1 Ra8 33. Rcd1 Qxa2+
34. Kc1 Qa3+ 35. Kd2 Nxe4+ 36. Qxe4 Qb4+ 37. c3 Qxc3# 0-1